|
|
|
|
| LEADER |
01148nam a22003015a 4500 |
| 001 |
17425431 |
| 003 |
BD-DhAAL |
| 005 |
20150922020002.0 |
| 008 |
130530s2014 cau 000 0 eng |
| 010 |
|
|
|a 2012946811
|
| 020 |
|
|
|a 9781133948681
|a 1133948685
|a 9781133591467 (student edition : alk. paper)
|
| 020 |
|
|
|a 9781133948636 (instructor edition : alk. paper)
|
| 020 |
|
|
|a 9781133948667 (looseleaf edition : alk. paper)
|
| 040 |
|
|
|a DLC
|c DLC
|d BD-DhAAL
|
| 042 |
|
|
|a pcc
|
| 082 |
|
|
|2 22
|a 306
|
| 100 |
1 |
|
|a Nanda, Serena.
|9 1995
|
| 245 |
1 |
0 |
|a Cultural Anthropology /
|c Serena Nanda, Richard L. Warms.
|
| 250 |
|
|
|a 11th Ed.
|
| 260 |
|
|
|a Belmont, CA :
|b Cengage Learning - Wadsworth,
|c 2014.
|
| 300 |
|
|
|a xix, 398 p.
|b ill. :
|c 30 cm.
|
| 504 |
|
|
|a Include bibliographical references (p. 372-389) and index.
|
| 541 |
|
|
|e 27059
|
| 650 |
|
|
|a Ethnology
|9 1202
|
| 700 |
|
|
|a Warms, Richard L.
|9 1996
|
| 942 |
|
|
|2 ddc
|c BK
|0 1
|
| 999 |
|
|
|c 13515
|d 13515
|
| 952 |
|
|
|0 0
|1 0
|2 ddc
|4 0
|6 306_000000000000000_NAN
|7 0
|9 22548
|a BRACUL
|b BRACUL
|c GEN
|d 2013-05-30
|e Karim International
|g 5100.00
|l 13
|m 74
|o 306 NAN
|p 3010027059
|r 2023-12-27
|s 2023-10-25
|t 1
|w 2013-05-30
|y BK
|